• 首页
  • 本馆介绍
  • 公告通知
  • 最新文献
  • 馆藏检索
  • 电子资源
  • 读者导购
  • 参考咨询
  • 我的图书馆
  • 登录
  • 详细信息显示
  • 放入我的书架
  • 预约/预借图书
  • 作者相关作品
  • 分类相关作品
  • 丛书相关作品
  • 出版社相关作品

书目信息

  • 表格格式
  • 工作单格式
  • 卡片格式
题名:
唐宋时期中央政治制度变迁史
    
 
作者: 贾玉英 著
分册:  
出版信息: 北京   人民出版社  2012.03
页数: 493页
开本: 21cm
丛书名:
单 册:
中图分类: D691.2
科图分类:
主题词: 中央政府--政治体制--研究--中国--唐宋时期 , 中央政府 , 政治体制
电子资源:
ISBN: 978-7-01-010571-0
000 00937nam0 2200265 450
001 010010094410
005 20120612085118.84
010    @a978-7-01-010571-0@dCNY45.00
100    @a20120331d2012 em y0chiy50 ea
101 0  @achi
102    @aCN@b110000
105    @ay z 000yy
106    @ar
200 1  @a唐宋时期中央政治制度变迁史@9tang song shi qi zhong yang zheng zhi zhi du bian qian shi@f贾玉英著
210    @a北京@c人民出版社@d2012.03
215    @a493页@d21cm
300    @a教育部人文社会科学重点研究基地河南大学黄河文明与可持续发展研究中心资助
330    @a本书主要内容包括:唐宋时期中枢体制及其变迁;唐宋时期三省制度变迁;唐宋时期宰相与中书门下体制变迁;唐宋时期枢密院制度变迁等。
606 0  @a中央政府@x政治体制@x研究@y中国@z唐宋时期
606 0  @a中央政府
606 0  @a政治体制
690    @aD691.2@v5
701  0 @a贾玉英@9jia yu ying@4著
801  0 @aCN@bRENTIAN@c20120331
905    @b539866-70@dD691.2@e158@f5
    
    唐宋时期中央政治制度变迁史/贾玉英著.-北京:人民出版社,2012.03
    493页;21cm
    教育部人文社会科学重点研究基地河南大学黄河文明与可持续发展研究中心资助
    
    ISBN 978-7-01-010571-0:CNY45.00
    本书主要内容包括:唐宋时期中枢体制及其变迁;唐宋时期三省制度变迁;唐宋时期宰相与中书门下体制变迁;唐宋时期枢密院制度变迁等。
●
相关链接 在E读中查询图书 在五车中查询图书 在当当中查询图书 在豆瓣中查询图书


正题名:唐宋时期中央政治制度变迁史     索取号:D691.2/158         预约/预借

序号 登录号 条形码 馆藏地/架位号 状态 备注
1 539866   205398666   第一样本阅览室/ [索取号:D691.2/158] 在馆    
2 539867   205398675   第一借阅区/ [索取号:D691.2/158] 在馆    
3 539868   205398684   第一借阅区/ [索取号:D691.2/158] 在馆    
4 539869   205398693   第一借阅区/ [索取号:D691.2/158] 在馆    
5 539870   205398700   第一借阅区/ [索取号:D691.2/158] 在馆    
唐山师范学院图书馆 欢迎您!
大连网信软件有限公司© 版权所有